00741nam a2200181 a 4500003000200000005001700002008004100019050003000060100002300090245011300113260009200226300004800318504004100366650005700407650002900464650003400493650003200527020250609102545.0021121s19uu xx 00 eng d aPGS HQ 784.T4b.V335 2000 aVasquez, Jayson G. aA survey on the viewing of prime-time animated programs of the grade 6 students of SIS /cJayson G. Vasquez. aLas Piñas City, Philippines : bSouthville International School and Colleges,c2000. a28 pages :bcolored illustrations ;c28 cm. aIncludes bibliographical references. aAnimated television programsvPsychological aspects. aTelevision and children. aChildrenvTelevision viewing. aTelevisionvSocial aspects.